Sports Quiz

Random Sports or Numbers Quiz

NBA Top 10 (2000s) Quiz Stats

 Plays Quiz Updated Feb 8, 2012

     
Support Sporcle.
Go Orange.
Score 0/50 Timer 05:00
19 Plays Today
Stat Player % Correct
PointsKobe Bryant
98.1%
StealsKobe Bryant
98.1%
ReboundsShaquille O'Neal
92.4%
BlocksShaquille O'Neal
92.4%
BlocksJermaine O'Neal
85.9%
PointsTim Duncan
83.8%
ReboundsTim Duncan
83.8%
BlocksTim Duncan
83.8%
AssistsSteve Nash
83.7%
PointsKevin Garnett
81.6%
ReboundsKevin Garnett
81.6%
BlocksKevin Garnett
81.6%
PointsAllen Iverson
81.2%
AssistsAllen Iverson
81.2%
StealsAllen Iverson
81.2%
AssistsJason Kidd
80.3%
StealsJason Kidd
80.3%
PointsPaul Pierce
76.9%
StealsPaul Pierce
76.9%
PointsRay Allen
72.9%
PointsDirk Nowitzki
71.2%
ReboundsDirk Nowitzki
71.2%
PointsTracy McGrady
67.2%
PointsVince Carter
64.8%
ReboundsBen Wallace
60.3%
Stat Player % Correct
StealsBen Wallace
60.3%
BlocksBen Wallace
60.3%
BlocksRasheed Wallace
59.9%
AssistsChauncey Billups
48.6%
AssistsAndre Miller
46.7%
StealsAndre Miller
46.7%
AssistsGary Payton
38.6%
AssistsStephon Marbury
31%
AssistsBaron Davis
29.7%
StealsBaron Davis
29.7%
ReboundsShawn Marion
28.7%
StealsShawn Marion
28.7%
ReboundsElton Brand
27.6%
BlocksElton Brand
27.6%
PointsAntawn Jamison
27.5%
ReboundsAntawn Jamison
27.5%
ReboundsMarcus Camby
26.4%
BlocksMarcus Camby
26.4%
AssistsMike Bibby
25.2%
StealsRon Artest
23%
StealsJason Terry
20.6%
ReboundsLamar Odom
18.1%
AssistsSam Cassell
14.7%
BlocksTheo Ratliff
13.7%
BlocksAndrei Kirilenko
11.8%

From the Vault

Round Animals

by MoMosMoProblems

Science 4m
We choose to believe their mode of locomotion is just rolling around.
Remove Ads.
Support Sporcle.
Get the best of Sporcle when you Go Orange. This ad-free experience offers more features, more stats, and more fun while also helping to support Sporcle. Thank you for becoming a member.

Show Comments

Extras

Top Quizzes Today


Score Distribution

Your Account Isn't Verified!

In order to create a playlist on Sporcle, you need to verify the email address you used during registration. Go to your Sporcle Settings to finish the process.

Report this User

Report this user for behavior that violates our Community Guidelines.

Details: